| Registos Bibliográficos associados ao registo de autoridade |
|
Etiqueta de registo: 00000nam 2200025 450 001 2288624 003 http://id.bnportugal.gov.pt/bib/catbnp/2288624 100 ## $a20260623d2022 k y0pory01030103ba 101 0# $apor$deng 102 ## $aPT 105 ## $aa m 000yy 106 ## $ar 200 1# $aThrough the rabbit hole$e o design como expressão contracultural - uma análise empírica$fJuliana Raquel do Espírito Santo Fonseca Duque$gorient. Emílio Manuel Távora Vilar, António José da Costa Nicolas 210 #9 $aLisboa$c[s.n.],$d2022 215 ## $a1 v.$cil.$d30 cm 328 #1 $aTese dout. Belas-Artes (Design de Comunicação), Faculdade de Belas-Artes, Universidade
de Lisboa, 2022 700 #1 $aDuque,$bJuliana Raquel do Espírito Santo Fonseca$32001424 702 #1 $aVilar,$bEmílio,$f1964-$4727$334933 702 #1 $aNicolas,$bAntónio José da Costa,$f1967-$4727$31394995 801 #0 $aPT$bBN$gRPC 966 ## $lBN$mFGMON$x1 971 ## $corlando$d20260623
|
|
|